000 00638nam a22002417a 4500
001 96825
003 UA-OsUOA
005 20200803125922.0
007 ta
008 20130322b un ||||| |||| 00| 0 ukr d
040 _aUA-OsUOA
_bukr
_cUA-OsUOA
_dUA-OsUOA
041 _aukr
080 _a821.133.1
090 _a821.133.1
_bМ52
100 _aМерль Р.
245 _aОстрів
260 _aК.
_bДніпро
_c1976
300 _a469 с.
650 7 _a82 Література. Літературознавство
_2UDC
942 _cBK
_2udc
955 _a3
999 _c383074
_d383074